Ahl teams 🏒 Sudden-Death ☠️!!!!! - Statistics

General Stats
  • This quiz has been taken 57 times
  • The average score is 5 of 7
Answers on the Grid
Answers color-coded by a green-red scale on the quiz's grid according to % correct below.
Monsters
Bears
Thunderstorm
Ants
Wolfpack
Flyers
Americans
Jets
Flows
Moose
Penguins
Panthers
Wolves
Rangers
Williams
Skibidi toilets
 
Answer Stats
Answer % Correct
Wolfpack
86%
Bears
81%
Moose
79%
Americans
76%
Wolves
76%
Penguins
74%
Monsters
69%
No matching quizzes found
Score Distribution
Percent of People with Each Score
Percentile by Number Answered
Your Score History
You have not taken this quiz